| 000 | 00584nam a2200181 a 4500 | ||
|---|---|---|---|
| 001 | 000038209 | ||
| 005 | 20201002031211.0 | ||
| 008 | 110718s2002 dr 000 0 spa d | ||
| 020 | _a9993420123 | ||
| 040 |
_aDO-SdBNP _bspa _cBNPHU |
||
| 082 |
_axxxx _bxxxx |
||
| 100 | 1 |
_aLizardo Lisardo., Luis Francisco _964571 |
|
| 245 | 1 | 0 |
_aPalma Sola : _bla tragedia de un pueblo / _cLuis Francisco Lizardo Lisardo. |
| 250 | _a4a. ed. | ||
| 260 |
_aSanto Domingo : _bEditora ManatÃ, _c2002. |
||
| 300 |
_a107 p. ; _c22 cm. |
||
| 500 | _aIncluye datos biográficos del autor en la contracubierta | ||
| 999 |
_c37699 _d37699 |
||